[Event "San Sebastian Gros op 24th"]
[Site "San Sebastian"]
[Date "2014.09.22"]
[Round "3"]
[White "Portugal Sarasola, Martin"]
[Black "Lucas Navas, Jose Manuel"]
[Result "0-1"]
[WhiteElo "1531"]
[BlackElo "1869"]
[PlyCount "92"]
[EventDate "2014.09.21"]
[EventType "swiss"]
[EventRounds "9"]
[EventCountry "ESP"]
[SourceTitle "EXT 2015"]
[Source "ChessBase"]
[SourceDate "2014.11.20"]
[SourceVersion "1"]
[SourceVersionDate "2014.11.20"]
[SourceQuality "1"]

1. d4 d5 2. Nf3 e6 3. Nc3 c5 4. e3 Nf6 5. Be2 Nc6 6. a3 a6 7. 0-0 c4 8. b4 Bd6 9. Bb2 0-0 10. Qd2 Bc7 11. Bd1 Qd6 12. Ne2 Ne4 13. Qc1 f5 14. c3 e5 15. Ng3 Nxg3 16. fxg3 e4 17. Ng5 h5 18. Nh3 h4 19. Nf4 hxg3 20. h3 Nd8 21. Bc2 Ne6 22. Qe1 Nxf4 23. exf4 Qg6 24. Qe3 Kf7 25. Bc1 Bd8 26. Bd2 Bd7 27. Be1 Bh4 28. a4 b6 29. Rd1 Rh8 30. Rd2 Rh6 31. Re2 Rg8 32. Bd1 Ke7 33. Rb2 Qf6 34. Bxg3 g5 35. fxg5 Bxg5 36. Bf4 Rhg6 37. Bxg5 Qxg5 38. Qxg5+ Rxg5 39. Rf4 Rg3 40. b5 axb5 41. Kh2 bxa4 42. Bg4 Rxc3 43. Bxf5 Rf8 44. g4 Rb3 45. Rbf2 Bxf5 46. gxf5 a3 0-1

[Event "San Sebastian op 20th"]
[Site "San Sebastian"]
[Date "2010.09.29"]
[Round "6"]
[White "Darrigues, Alain"]
[Black "Portugal Sarasola, Martin"]
[Result "1-0"]
[WhiteElo "2006"]
[BlackElo "1574"]
[PlyCount "61"]
[EventDate "2010.09.24"]
[EventType "swiss"]
[EventRounds "9"]
[EventCountry "ESP"]
[SourceTitle "CBM 138 Extra"]
[Source "ChessBase"]
[SourceDate "2010.10.29"]
[SourceVersion "1"]
[SourceVersionDate "2010.10.29"]
[SourceQuality "1"]

1. d4 d5 2. c4 c6 3. Nf3 Nf6 4. Nc3 e6 5. e3 Bb4 6. Bd3 dxc4 7. Bxc4 b5 8. Bd3 0-0 9. 0-0 Bb7 10. Qe2 a6 11. Rd1 Qe7 12. a3 Bd6 13. h3 c5 14. dxc5 Bxc5 15. b4 Ba7 16. Bb2 Nbd7 17. Rd2 Bb8 18. Ng5 g6 19. Rad1 Ne5 20. Nce4 Bxe4 21. Bxe4 Ra7 22. Bd4 Nc4 23. Bxa7 Nxd2 24. Bc5 Qc7 25. Qxd2 Nxe4 26. Nxe4 Rc8 27. g3 Qc6 28. Qd7 Be5 29. Qxc6 Rxc6 30. Rd8+ Kg7 31. Bf8+ 1-0

[Event "San Sebastian Beteranoen op"]
[Site "San Sebastian"]
[Date "2008.12.29"]
[Round "4"]
[White "Portugal Sarasola, Martin"]
[Black "Tholey, Jean Paul"]
[Result "0-1"]
[WhiteElo "1636"]
[BlackElo "1992"]
[PlyCount "44"]
[EventDate "2008.12.22"]
[EventType "swiss"]
[EventRounds "5"]
[EventCountry "ESP"]
[SourceTitle "EXT 2011"]
[Source "ChessBase"]
[SourceDate "2010.11.26"]
[SourceVersion "1"]
[SourceVersionDate "2010.11.26"]
[SourceQuality "1"]

1. e4 c5 2. c4 e6 3. Nc3 Nc6 4. Nf3 Nf6 5. d3 d5 6. cxd5 exd5 7. e5 d4 8. exf6 dxc3 9. bxc3 Qxf6 10. Bb2 Bd6 11. Be2 0-0 12. 0-0 Bg4 13. Qc2 Bxf3 14. Bxf3 Qf4 15. g3 Qxf3 16. c4 Rfe8 17. Qd2 Re2 18. Qc3 Be5 19. d4 Nxd4 20. Rac1 Qxc3 21. Bxc3 Rxa2 22. Bxd4 Bxd4 0-1